Neuromuscular transmission / (Record no. 5009)

000 -LEADER
fixed length control field 00788nam a2200253 a 4500
001 - CONTROL NUMBER
control field 011967396
003 - CONTROL NUMBER IDENTIFIER
control field ALUPE UNIVERSITY
005 - DATE AND TIME OF LATEST TRANSACTION
control field 20220401111220.0
008 - FIXED-LENGTH DATA ELEMENTS--GENERAL INFORMATION
fixed length control field 960607s1996 enk 001 0 eng d
020 ## - INTERNATIONAL STANDARD BOOK NUMBER
International Standard Book Number 0727909290
040 ## - CATALOGING SOURCE
Transcribing agency ALUPE UNIVERSITY
050 ## - LIBRARY OF CONGRESS CALL NUMBER
Classification number QP363
Item number .N48 1996
092 ## - LOCALLY ASSIGNED DEWEY CALL NUMBER (OCLC)
Classification number D0504030011
245 00 - TITLE STATEMENT
Title Neuromuscular transmission /
Statement of responsibility, etc. edited by Leo H. D. J. Booij
260 ## - PUBLICATION, DISTRIBUTION, ETC.
Place of publication, distribution, etc. London :
Name of publisher, distributor, etc. BMJ,
Date of publication, distribution, etc. c1996.
300 ## - PHYSICAL DESCRIPTION
Extent x, 196 p. :
Other physical details ill. ;
Dimensions 23 cm
490 1# - SERIES STATEMENT
Series statement Fundamentals of anaesthesia and acute medicine
504 ## - BIBLIOGRAPHY, ETC. NOTE
Bibliography, etc. note Includes bibliographical references and index
650 #0 - SUBJECT ADDED ENTRY--TOPICAL TERM
Topical term or geographic name entry element Neuromuscular transmission
700 1# - ADDED ENTRY--PERSONAL NAME
Personal name Booij, Leo H. D. J.
830 #0 - SERIES ADDED ENTRY--UNIFORM TITLE
Uniform title Fundamentals of anaesthesia and acute medicine
942 ## - ADDED ENTRY ELEMENTS (KOHA)
Source of classification or shelving scheme
Koha item type Book
Suppress in OPAC CM
Holdings
Withdrawn status Lost status Source of classification or shelving scheme Damaged status Not for loan Permanent Location Current Location Shelving location Date acquired Source of acquisition Total Checkouts Full call number Barcode Date last seen Price effective from Koha item type Public note
          AU LIBRARY AU LIBRARY Open Shelf 01.04.2022 DONATION FROM MOI UNIVERSITY   QP363 .N48 1996 28007470 01.04.2022 01.04.2022 Book CM

Powered by Koha